Statistics for Countries in the Sahel Desert

Click here to take the quiz!

General Stats

  • This quiz has been taken 19 times
  • The average score is 8 of 9

Answer Stats

HintAnswer% Correct
1Burkina Faso
95%
2Chad
95%
4Mali
95%
5Mauritania
95%
6Niger
95%
8Senegal
89%
7Nigeria
84%
9Sudan
84%
3Eritrea
32%

Score Distribution

Percentile by Number Answered

Percent of People with Each Score

Your Score History

You have not taken this quiz